000 01360cab a2200193 4500
001 L129711
008 050513n2005 000 0 eng u
035 _a(Sirsi) u129711
041 _aeng
245 _aPublic consultation on detail of proposed extension to congestion charging zone begins
260 _c2005
490 _aTransport for London Press Release
_v12 May 2005
520 _aPublic consultation on detailed proposals to extend the Central London congestion charge westward started on 9 May 2005 and ends on 15 July 2005. The earlier spring 2004 consultation concentrated on the principle of a western extension of the Central London congestion charging scheme. The current consultation concerns Transport for London's detailed proposals for the scheme. The new proposals include: a modified charging zone boundary; an extension of the residents' discount sector for certain areas experiencing parking and severance problems; and the ending of charging hours at 6pm instead of 6.30pm. The consultation leaflet and questionnaire can be accessed and completed online.
520 _aItem not found when searched for online 20/10/11.
590 _aIKA190505
690 _aPROPERTY-INFRASTRUCTURE-ROAD INFRASTRUCTURE
856 _uhttps://www.tfl.gov.uk/tfl/press-centre/press-releases
_zView the press release at www.tfl.gov.uk...
942 _n0
999 _c75224
_d75224